000 02095cam a2200277 a 4500
001 0000003790
005 20170406115315.0
008 060406s2006 njuaf b 001 0 eng
010 _a 2006042863
020 _a0838640664 (alk. paper)
020 _a9780838640661
035 _a(OCoLC)ocm67240647
040 _aDLC
_cDLC
_dBAKER
_dC#P
_dVVC
_dYDXCP
_dOCLCQ
_dDLC
050 0 0 _aPR2364
_b.E37 2006
082 0 0 _a821/.3
_222
245 0 0 _aEdmund Spenser :
_bnew and renewed directions /
_cedited by J.B. Lethbridge.
260 _aNew york :
_bOdyssey,
_c1965.
300 _a542 p., [9] p. of plates :
_bill. ;
_c25 cm.
500 _aPapers originated at a conference to celebrate Spenser's life, held in County Cork.
504 _aIncludes bibliographical references and index.
505 0 _aIntroduction : Recuperating the return to history / J.B. Lethbridge -- Pastoral motivation in The shepheardes calender / John Moore -- Plucking the Perrot : Muiopotmos and Irish politics / Thomas Herron -- "Well grounded, finely framed, and strongly trussed up together" : the "Medieval" structure of The faerie queene / Andrew King -- Acrasia and bondage : Guyon's perversion of the Ovidian erotic in Book II of The faerie queene / Syrithe Pugh -- Raleigh, Spenser, and Elizabeth : acts of friendship in The faerie queen, Book IV / Graham Atkin -- Britomart's gone abroad to Brute-land, Colin Clout's come courting from the salvage Ire-land : exile and the Kingdom in some of Spenser's fictions for "crossing over" / James Nohrnberg -- Mutabilitie's debateable land : Spenser's Ireland and the frontiers of faerie / E.A.F. Porges Watson -- Spenser's last days ; Ireland, career, mutability, allegory / J.B. Lethbridge -- Rhyming against the grain : a new look at the Spenserian stanza / Catherine Addison -- MacNeice in fairy land / Richard Danson Brown.
600 1 0 _aSpenser, Edmund,
_d1552?-1599
_xCriticism and interpretation.
700 1 _aLethbridge, J. B.,
_d1958-.
856 4 1 _3Table of contents only
_uhttp://www.loc.gov/catdir/toc/fy0702/2006042863.html
908 _a140711
999 _c3645
_d3645